Bible Books by Any Three Letters Quiz Stats

 Plays Quiz not verified by Sporcle

Score 0/66 Timer 01:30
0 Plays Today
Testament Book % Correct
Old TestamentGenesis
95.7%
New TestamentMatthew
90%
New TestamentJohn
90%
New Testament (cont.)1 John
90%
New Testament (cont.)2 John
90%
New Testament (cont.)3 John
90%
Old TestamentExodus
87.7%
New TestamentMark
87.2%
New TestamentLuke
84.6%
Old TestamentLeviticus
82.2%
Old TestamentNumbers
81%
Old TestamentDeuteronomy
80.7%
New Testament1 Corinthians
77%
New Testament2 Corinthians
77%
New Testament (cont.)Revelation
75.8%
Old TestamentRuth
73.8%
Old TestamentPsalms
72.8%
New Testament1 Thessalonians
69.4%
New Testament2 Thessalonians
69.4%
New TestamentEphesians
68.3%
Old Testament1 Kings
68.2%
Old Testament2 Kings
68.2%
New TestamentPhilippians
68%
New TestamentGalatians
67.7%
New TestamentColossians
67.2%
Old TestamentEsther
66.2%
New TestamentRomans
63.7%
Old TestamentJudges
63.6%
New Testament (cont.)Jude
62.4%
Old Testament (cont.)Zephaniah
62%
New TestamentActs
60.2%
Old Testament (cont.)Isaiah
59.4%
Old TestamentJob
58.4%
Testament Book % Correct
Old TestamentJoshua
56.7%
Old Testament (cont.)Song of Solomon
55.5%
New Testament (cont.)1 Peter
54.3%
New Testament (cont.)2 Peter
54.3%
Old Testament (cont.)Jeremiah
53.9%
Old Testament (cont.)Lamentations
53.1%
Old TestamentNehemiah
51.7%
Old Testament (cont.)Zechariah
51.6%
Old Testament1 Samuel
51.4%
Old Testament2 Samuel
51.4%
Old TestamentProverbs
50.5%
Old Testament1 Chronicles
49.9%
Old Testament2 Chronicles
49.9%
Old Testament (cont.)Obadiah
48.7%
Old Testament (cont.)Daniel
45.4%
New Testament (cont.)Philemon
45.3%
Old Testament (cont.)Jonah
43.3%
Old Testament (cont.)Ecclesiastes
42.6%
Old Testament (cont.)Ezekiel
41.3%
New Testament (cont.)1 Timothy
39.9%
New Testament (cont.)2 Timothy
39.9%
New Testament (cont.)James
36.5%
Old TestamentEzra
34.4%
New Testament (cont.)Hebrews
32.2%
Old Testament (cont.)Malachi
32.1%
Old Testament (cont.)Amos
32%
New Testament (cont.)Titus
31.2%
Old Testament (cont.)Micah
27.4%
Old Testament (cont.)Joel
27.3%
Old Testament (cont.)Habakkuk
24.5%
Old Testament (cont.)Hosea
23.9%
Old Testament (cont.)Nahum
22.5%
Old Testament (cont.)Haggai
19.2%

You're not logged in!

Compare scores with friends on all Sporcle quizzes.
OR
Log In

Sporcle TV

Today on Sporcle TV


Watch our educational content, quiz creation guides, and fun videos on Sporcle TV.

Show Comments

Extras

Top Quizzes Today


Score Distribution

Your Account Isn't Verified!

In order to create a playlist on Sporcle, you need to verify the email address you used during registration. Go to your Sporcle Settings to finish the process.

Report this User

Report this user for behavior that violates our Community Guidelines.

Details: